000 00510cam a2200205ua 4500
001 6573
008 151222n II |||gr||||Z||||||eng
040 _aMAIN
041 _aEnglish
082 _a546 SAR
100 _aSARKAR, R.
100 _aSARKAR, R.
245 _aGENERAL& INORGANIC CHEMISTRY
260 _aCALCUTTA:
_bNEW CENTRAL BOOK AGENCY (P) LTD.,
_c1995.
300 _a497:
_c25CM.
653 _aInorganic chemistry
700 _aSARKAR, RAMAPRASAD.
700 _aSAHA, NITYANANDA.
942 _cBK
999 _c6558
_d6558